Corporate roadmapping - the innovative tool of technology management
Roadmapping spoločnosti ako podpora komplexného plánovania. Výhody roadmappingu spoločnosti. Miesto roadmapy spoločnosti v taxonómii roadmappingu. Účastníci procesu roadmappingu. Proces podnikového roadmappingu. Počiatočné aktivity. Tvorba podnikovej roadmapy. Ďalšie aktivity.
Gespeichert in:
| 1. Verfasser: | |
|---|---|
| Format: | Buchkapitel |
| Sprache: | Englisch |
| Schlagworte: | |
| Tags: |
Keine Tags, Fügen Sie das erste Tag hinzu!
|
MARC
| LEADER | 00000naa$a2200000$$$4500 | ||
|---|---|---|---|
| 001 | 0074144 | ||
| 005 | 20240502083211.2 | ||
| 041 | 0 | |a eng | |
| 044 | |a AE | ||
| 245 | 1 | 0 | |a Corporate roadmapping - the innovative tool of technology management |c Marek Jemala |
| 520 | |a Roadmapping spoločnosti ako podpora komplexného plánovania. Výhody roadmappingu spoločnosti. Miesto roadmapy spoločnosti v taxonómii roadmappingu. Účastníci procesu roadmappingu. Proces podnikového roadmappingu. Počiatočné aktivity. Tvorba podnikovej roadmapy. Ďalšie aktivity. | ||
| 610 | 2 | 0 | |a podnik |
| 610 | 2 | 0 | |a technológia |
| 610 | 2 | 0 | |a riadenie |
| 610 | 2 | 0 | |a manažment |
| 610 | 2 | 0 | |a plánovanie |
| 610 | 2 | 0 | |a plánovanie strategické |
| 610 | 2 | 0 | |a inovácia |
| 100 | 1 | |a Jemala, Marek | |